Naruto 250 Personnages sans Indices - Statistiques

Statistiques générales
  • Ce quiz a été pris 286 fois
  • Le résultat moyen est 109 sur 250
Statistiques - réponses
Numéro Réponse % Correct
4 Kakashi Hatake
99%
1 Naruto Uzumaki
99%
3 Sakura Haruno
99%
2 Sasuke Uchiwa
98%
175 C / Shî
97%
27 Minato Namikaze
96%
136 Gaara
94%
12 Hinata Hyûga
94%
7 Ino Yamanaka
94%
171 A (Deuxième Raikage)
93%
170 A (Premier Raikage)
93%
173 A (Quatrième Raikage)
93%
172 A (Troisième Raikage)
93%
6 Chôji Akimichi
93%
106 Itachi Uchiwa
93%
5 Shikamaru Nara
93%
15 Neji Hyûga
92%
118 Orochimaru
92%
14 Rock Lee
92%
29 Jiraya
91%
28 Tsunade
91%
17 Gaï Maito
90%
109 Deidara
89%
100 Madara Uchiwa
89%
25 Tobirama Senju
89%
101 Obito Uchiwa / Tobi
88%
8 Asuma Sarutobi
87%
24 Hashirama Senju
87%
10 Kiba Inuzuka
87%
138 Temari
87%
16 Tenten
87%
26 Hiruzen Sarutobi
85%
108 Sasori
85%
66 Shin
85%
107 Kisame Hoshigaki
84%
105 Konan
84%
13 Kurenaï Yûhi
84%
104 Nagato
84%
102 Pain
84%
110 Hidan
82%
249 Kurama
82%
9 Shino Aburame
82%
137 Kankurô
81%
119 Kabuto Yakushi
79%
176 Killer B / Bee
79%
111 Kakuzu
77%
71 Dan Katô
76%
196
75%
64 Fû Yamanaka
75%
18 Saï
75%
158 Zabuza Momochi
75%
11 Akamaru
74%
43 Kushina Uzumaki
74%
20 Konohamaru Sarutobi
73%
159 Haku
72%
116 Karin
72%
195 Han
71%
220 Kaguya Ôtsutsuki
71%
115 Suigetsu Hôzuki
71%
46 Shisui Uchiwa
70%
19 Yamato / Tenzô
70%
44 Fugaku Uchiwa
68%
70 Rin Nohara
68%
103 Yahiko
65%
30 Iruka Umino
64%
117 Jûgo
64%
241 Shukaku
63%
63 Danzô Shimura
60%
225 Gamabunta
60%
41 Shizune
60%
174 Darui
59%
221 Hagoromo Ôtsutsuki
59%
139 Baki
58%
154 Meï Terumî
58%
48 Shikaku Nara
58%
112 Zetsu Blanc
58%
113 Zetsu Noir
58%
23 Ebisu
57%
125 Kimimaro
57%
189 Ônoki
57%
169 Utakata
56%
140 Chiyo
55%
242 Matatabi
55%
223 Indra Ôtsutsuki
54%
244 Son Gokû
54%
68
54%
51 Chôza Akimichi
53%
226 Gamakichi
53%
50 Inoichi Yamanaka
53%
250 Jûbi
53%
35 Anko Mitarashi
52%
198 Hanzô
52%
54 Hana Inuzuka
51%
224 Asura Ôtsutsuki / Ashura
49%
248 Gyûki
49%
58 Hanabi Hyûga
49%
34 Ibiki Morino
49%
188
49%
128 Tayuya
49%
124 Kin Tsuchi
47%
126 Jirôbô
46%
22 Moegi Kazamatsuri
46%
177 Omoï
46%
238 Pakkun
46%
73 Sakumo Hatake
46%
182 Yugito Nii
46%
129 Sakon
45%
153 Yagura Karatachi
45%
37 Genma Shiranui
44%
56 Hiashi Hyûga
44%
243 Isobu
44%
178 Karui
44%
42 Tonton
44%
155 Chôjûrô
43%
194 Rôshi
43%
21 Udon Ise
43%
130 Ukon
43%
156 Ao
42%
227 Gamatatsu
42%
127 Kidômaru
42%
76 Mito Uzumaki
42%
179 Samui
42%
247 Chômei
41%
74 Daï Maito
41%
57 Hizashi Hyûga
41%
99 Izuna Uchiwa
41%
234 Katsuyu
41%
36 Hayate Gekkô
40%
245 Kokuô
39%
135 Rasa
39%
246 Saiken
39%
160 Gatô
38%
214 Kinkaku
38%
190 Kurotsuchi
38%
235 Manda
38%
45 Mikoto Uchiwa
38%
231 Fukasaku
37%
215 Ginkaku
37%
222 Hamura Ôtsutsuki
36%
211 Mangetsu Hôzuki
36%
151 Gengetsu Hôzuki
35%
72 Nawaki
35%
191 Akatsuchi
34%
114 Jûzô Biwa
34%
31 Mizuki
34%
52 Shibi Aburame
34%
65 Torune Aburame
34%
204 Mifune
33%
33 Kotetsu Hagane
32%
228 Gamaken
30%
39 Aoba Yamashiro
29%
89 Teuchi
29%
237 Enma
28%
32 Izumo Kamizuki
28%
217 Pakura
28%
232 Shima
28%
236 Aoda
27%
122 Dosu Kinuta
27%
212 Jinpachi Munashi
27%
59 Homura Mitokado
25%
184 Motoï
25%
123 Zaku Abumi
25%
60 Koharu Utatane
24%
209 Ameyuri Ringo
23%
229 Gamahiro
23%
90 Ayame
22%
150 Byakuren
22%
208 Fuguki Suikazan
22%
216 Gari
22%
47 Izumi Uchiwa
22%
81 Mirai Sarutobi
22%
165 Tazuna
22%
53 Tsume Inuzuka
22%
183 Blue B / Fukai
21%
166 Inari
21%
181 Mabui
21%
134 Troisième Kazekage
21%
152 Troisième Mizukage
21%
213 Jinin Akebino
20%
192 Kitsuchi
20%
210 Kushimaru Kuriarare
20%
38 Raidô Namiashi
20%
61 Kagami Uchiwa
19%
120 Yoroï Akadô
19%
49 Yoshino Nara
19%
98 Tajima Uchiwa
18%
67 Yûgao Uzuki
18%
180 Atsui
17%
185 Dodai
17%
141 Ebizô
17%
132 Reto
17%
168 Tsunami
17%
230 Gamamaru
16%
133 Shamon
16%
77 Ashina Uzumaki
15%
149 Bunpuku
15%
187 Ishikawa
15%
193 Ittan
15%
157 Kiri
15%
142 Maki
15%
143 Matsuri
15%
84 Muta Aburame
15%
91 Shiho
15%
240 Ibuse
14%
75 Biwako Sarutobi
13%
95 Butsuma Senju
13%
87 Ensui Nara
13%
233 Gerotora
13%
69 Hyô
13%
186 Tango
13%
219 Toroï
13%
146 Yashamaru
13%
239 Garuda
12%
96 Itama Senju
12%
97 Kawarama Senju
12%
121 Misumi Tsurugi
12%
62 Torifu Akimichi
12%
218 Chûkichi
11%
145 Karura
11%
55 Kuromaru
11%
82 Nonô Yakushi
11%
206 Sabu
11%
88 Santa Yamanaka
11%
86 Hoheto Hyûga
10%
78 Ikkaku Umino
10%
207 Ponta
10%
164 Zôri
10%
94 Chiriku
9%
131 Gen'yûmaru
9%
161 Gôzu
9%
40 Iwashi Tatami
9%
163 Waraji
9%
85 Zaji
9%
202 Fusô
8%
203 Ise
8%
201 Kagari
8%
79 Kohari Umino
8%
199 Oboro
8%
205 Okisuke
8%
144 Sari
8%
93 Tamaki
8%
83 Urushi
8%
80 Shinku Yûhi
7%
197 Shiore
7%
147 Yûra
7%
167 Kaiza
6%
162 Meizu
6%
92 Nekobaa
6%
200 Mubi
5%
148 Mukade
4%
Aucun quiz correspondant
Distribution des résultats
% des personnes avec chaque résultat
Percentile par nombre de réponses
Votre historique - résultats
Vous n’avez pas pris ce quiz